Idiomas (numeros) - Estadísticas

Estadísticas generales
  • Esta prueba ha sido intentada 157 veces
  • La puntuación promedio es 34 de 90
Estadísticas de respuestas
Respuesta % Correcto
One
97%
Two
96%
Un
93%
Five
92%
Four
92%
Three
92%
Seven
91%
Ten
91%
Six
90%
Eight
88%
Nine
86%
Uno
77%
Cinq
74%
Six
74%
Tre
73%
Deux
72%
Trois
69%
Quatre
67%
Sept
64%
Neuf
62%
Sei
60%
Dix
59%
Due
59%
Huit
58%
Sette
54%
Cinco
52%
Cinque
52%
Nove
52%
Três
52%
Quattro
51%
Otto
47%
Ni
46%
Nove
46%
Seis
46%
Sete
46%
Dois
44%
Quatro
43%
43%
Eins
39%
Oito
39%
Fünf
38%
Dieci
37%
Drei
35%
Dez
33%
Zwei
33%
Um
32%
Vier
32%
Acht
30%
Sieben
28%
Neun
27%
Sechs
26%
Zehn
26%
San
24%
Ichi
22%
San
21%
Go
17%
Shi
17%
Hachi
16%
Tri
16%
Yi
16%
Wu
15%
Ba
14%
Èr
14%
Liù
14%
Roku
14%
Jiu
13%
Odin
12%
Qi
12%
Kyu
11%
Yon
11%
Dva
10%
Nana
10%
Ju
9%
Wahid
7%
Arba'a
6%
Sab'a
6%
Sitta
6%
Thalatha
6%
Tis'a
6%
Pyat'
5%
Ithnan
4%
Thamaniya
4%
Khamsa
3%
Syem'
3%
'ashra
2%
Dyesyat'
2%
Dyevyat'
2%
Shyest'
2%
Vosyem'
2%
Chyetirye
1%
No se encontraron pruebas coincidentes
Distribución de puntuación
Porcentaje de gente con cada puntuación
Porcentaje por número respondido
Historial de tus puntuaciones
No has intentado esta prueba.